La Autonomia provincial en el sistema constitucional espaǫl Intermunicipalidad y Estado autonm̤ico /

Detalles Bibliográficos
Autor principal: Salvador Crespo, Maite
Autor Corporativo: Instituto Nacional de Administracin̤ Pb︢lica (Espanya)
Formato: Libro
Lenguaje:español
Publicado: [Madrid] : Ministerio de Administraciones Pb︢licas, INAP, 2007
Materias:
Acceso en línea:Acceso restringido

MARC

LEADER 00000nam a2200000 a 4500
005 20110728130540.0
007 cr |||||||||||
008 110614s2007 sp |||||| 000 ||spa|c
020 |a 9788461173433  
035 |a 5541 
040 |d vLex 
043 |a e-sp--- 
080 |a 353:342.4(460) 
090 |c 2240  |d 2240 
100 1 |a Salvador Crespo, Maite 
245 1 3 |a La Autonomia provincial en el sistema constitucional espaǫl  |h [Recurso electrn̤ico] :  |b Intermunicipalidad y Estado autonm̤ico /  |c Maite Salvador Crespo 
256 |a Servicio en ln̕ea. 
260 |a [Madrid] :  |b Ministerio de Administraciones Pb︢licas, INAP,  |c 2007 
300 |a 1 recurso electrn̤ico (495 p.) 
500 |a Descripcin̤ del recurso: 14 junio 2011 
504 |a Bibliografa̕ p. 465-495 
506 1 |a Contenido solo disponible en los productos indicados  |d vLex Global  |d vLex Global (Academic Edition, excluding Law Schools)  |d vLex Global (U.S. Academic Edition, Law Schools)  |d vLex Global (U.S. Academic Edition, excluding Law Schools)  |d vLex Global (Academic Edition, Law Schools) 
610 |a Espaą.  |t Constitucin̤ (1978) 
650 0 7 |a Teora̕ constitucional  |2 Tesauro vLex 
650 0 7 |a Constitucin̤  |2 Tesauro vLex 
650 0 7 |a Constitucionalismo  |2 Tesauro vLex 
710 2 |a Instituto Nacional de Administracin̤ Pb︢lica (Espanya) 
740 0 |a vLex Libros (Servicio en ln̕ea) 
856 4 0 |z Acceso restringido  |u http://vlex.com/source/autonomia-provincial-sistema-constitucional-espanol-5541 
942 |c BOOK